Animated Movies by Picture - G - Statistics

General Stats
  • This quiz has been taken 401 times
  • The average score is 7 of 12
Answer Stats
Picture Answer % Correct
The Garfield Movie
98%
The Grinch
98%
A Goofy Movie
90%
Godzilla: Planet of the Monsters
85%
The Good Dinosaur
78%
Gnomeo & Juliet
71%
The Great Mouse Detective
55%
Guillermo del Toro’s Pinocchio
40%
Grave of the Fireflies
31%
Ghost in the Shell
12%
Go West: A Lucky Luke Adventure
12%
The Girl Who Leapt Through Time
4%
No matching quizzes found
Score Distribution
Percent of People with Each Score
Percentile by Number Answered
Your Score History
You have not taken this quiz